000 00755nam a22002417a 4500
001 BR6007756
003 BR-BrBNA
005 20230928095828.0
007 ta
008 230509b bl.||||| |||| 00| 0 por d
040 _aBR-BrBNA
_bpor
_cBiblioteca Nacional de Agricultura
041 _a(Por)
072 _aU20
090 _ U20 BR6007756
100 1 _aLourenco, G.C.
110 1 _aSuperintendencia do Desenvolvimento da Pesca, Brasilia, DF (Brasil). Depto. de Pesquisa e Tecnologia
_910068
245 1 _aManual do autor. Normas para apresentacao de trabalhos de pesquisa destinados a publicacao
260 3 _aBrasilia, DF (Brasil):
_c1977.
300 _a101 p.
650 _aDocumentacao
909 _a202309
_bLucia
_c55
_dLucia Elande
942 _cBK
999 _c58886
_d58886